000 00602nam a2200169Ia 4500
008 151018s9999 xx 000 0 und d
082 _bRBASDV7396
_a891.463
100 _aलीला श्रीवास्तव
245 _aफाशी गेलेली उन्हं
260 _bसौमय्या
300 _a184
600 _aलीला श्रीवास्तव
630 _aफाशी गेलेली उन्हं
700 _aलीला श्रीवास्तव
730 _aफाशी गेलेली उन्हं
942 _cBOOK
999 _c1009764
_d1009761